| 000 | 00716nam a2200253Ia 4500 | ||
|---|---|---|---|
| 003 | OSt | ||
| 005 | 20220927104416.0 | ||
| 006 | a|||||r|||| 00| 0 | ||
| 007 | ta | ||
| 008 | 220926b |||||||| |||| 00| 0 eng d | ||
| 024 | _a132082 | ||
| 037 | _cReference Collections | ||
| 040 |
_aRTL _cRTL _beng |
||
| 041 |
_2eng _aeng |
||
| 082 | _a"V212,3:91.N65t, GD" | ||
| 110 | _a"India, Election (Commission)" | ||
| 245 | 0 | _aReport on the general election to the Kerala Legislation | |
| 260 | _c1965 | ||
| 300 |
_a51p _ccm. |
||
| 650 |
_aHistory Tamil Nadu _9365493 |
||
| 700 | _a"India, Election (Commission)" | ||
| 942 |
_h"V212,3:91.N65t, GD" _cCC |
||
| 999 |
_c687159 _d687159 |
||